000 00447nam a2200169Ia 4500
005 20250508150606.0
008 008 250505s9999 xx 000 0 eng d
037 _aReference
040 _aFEDL
_beng
_cFEDL
041 _aeng
_2eng
084 _a370.1, WAS
_qFEDL
100 _aWashburne Carleton
_9757132
245 0 _aLiving philosophy of education
300 _a582p.
942 _cREF
_h370.1, WAS
999 _c1324454
_d1324454